| 000 | 00357nam a22001337a 4500 | ||
|---|---|---|---|
| 999 |
_c17406 _d17406 |
||
| 008 | 190201b xxu||||| |||| 00| 0 eng d | ||
| 050 |
_aQR115 _b .F67 2016 c.1 |
||
| 100 | _aFoster, WM | ||
| 245 |
_aFood Micobiology _cWM Foster |
||
| 260 |
_aNew Delhi _bCBS Publishers _c2016 |
||
| 300 | _axxv, 540p. | ||
| 650 |
_aFood _vMicrobiology |
||
| 942 |
_2lcc _cBK |
||